00000000nam##2200000za#4500
0019.588528
003CaOODSP
00520250403104934
007cr |||||||||||
008150406|1989||||xxc|||||o    f|0| 0 fre|d
040 |aCaOODSP|bfre
041 |aeng
041 |afre
043 |an-cn---
0861 |aCS92-N0060/20-1989-PDF
24500|aLes exploitants agricoles (étape 5) / |h[ressource électronique]|c[par] : S.Legault.
260 |aOttawa - Ontario : |bStatistique Canada |c1989.
4901 |aTest du recensement national|vno. 20
500 |aPublication du recensement historique numérisé par Statistique Canada. Une copie numérisée de l'édition anglaise n'est pas crée. Une partie du texte en anglais.
546 |aBilangue.
590 |a13-04-Supp|b2013-02-13
69107|aRecensement|2gcpds
69107|aTravailleur agricole|2gcpds
7102 |aStatistique Canada.
791 |tStep 5: agricultural operator / |eeng|w(CaOODSP)9.588527
830#0|aTest du recensement national ;|vno. 20|w(CaOODSP)9.500682
85640|ahttp://publications.gc.ca|qPDF|s417 Ko|uhttps://publications.gc.ca/collections/collection_2013/statcan/rh-hc/CS92-N0060-20-1989-fra.pdf|yno. 20